000 00592nam a2200217Ia 4500
001 901
003 GE_BSU
008 181216s||||||||xx |||||||||||||| ||und||
020 _a5713304884
040 _cGE_BSU
080 _a349
100 _aГуреев,С.А.; Тарасова,И.Н;
245 _aМеждународное речное право.
260 _aМосква
260 _b,,Международные отношения",
260 _c1993
300 _a240 с.
541 _h7 л.
653 _aМеждународное речное право
942 _cBK
999 _c35061
_d35061